Ekonomika Maďarska bakalárska práca

Enregistré dans:
Détails bibliographiques
Auteur principal: Horváthová, Kinga
Collectivité auteur: Fakulta medzinárodných vzťahov EU. Katedra medzinárodných ekonomických vzťahov a hospodárskej diplomacie
Autres auteurs: Harakaľová, Ľubica, 1963-
Format: Livre
Langue:slovaque
Publié: Bratislava 2018
Tags: Ajouter un tag
Pas de tags, Soyez le premier à ajouter un tag!

MARC

LEADER 00000nbm a2200000 4500
001 0244551
005 20180810101734.6
041 0 |a slo 
044 |a SK 
245 1 0 |a Ekonomika Maďarska  |b bakalárska práca  |c Kinga Horváthová ; školiteľ: Ľubica Harakaľová 
264 1 |a Bratislava  |c 2018 
300 |a 46 s. 
100 1 |a Horváthová, Kinga 
700 1 |a Harakaľová, Ľubica, 1963- 
710 2 |a Fakulta medzinárodných vzťahov EU. Katedra medzinárodných ekonomických vzťahov a hospodárskej diplomacie